| 000 | 00932nam a22002771 4500 | ||
|---|---|---|---|
| 001 | 33753 | ||
| 003 | BD-RjUL | ||
| 005 | 20211209052044.0 | ||
| 008 | 140511s1966 pk ab 000 0 eng d | ||
| 035 | _a(BD-RjUL)33844 | ||
| 040 |
_aDLC _cDLC _dDLC _dBD-RjUL _beng |
||
| 041 | _aeng | ||
| 082 | 0 | 0 |
_a330.9549 _bFAP 1966 |
| 100 | 1 |
_aFarooq, Mumtaz. _9102482 |
|
| 245 | 1 | 4 |
_aThe people of Karachi : _beconomic characteristics / _c Mumtaz Farooq |
| 260 |
_aKarachi : _bPakistan Institute of Development Economics, _c1966. |
||
| 300 |
_axvi, 179 p. : _bill. ; _c23 cm. |
||
| 350 | _aRs5 | ||
| 410 | 2 | 0 | _aPakistan Institute of Development Economics. |
| 490 | 0 |
_aMonographs in the economics of development, _vno. 15 |
|
| 651 | 0 |
_aKarachi (Pakistan) _xEconomic conditions. _9102483 |
|
| 651 | 0 |
_aKarachi (Pakistan) _xPopulation. _9102484 |
|
| 942 |
_2ddc _cBK |
||
| 999 |
_c33753 _d33753 |
||